Gehege /
The artists' book 'Gehege' (Enclosure) contains photographs from the library of the Zurich Zoo. The selection shows zoo enclosures found in various Western metropolises such as London, Paris, Berlin, and Madrid since 1945. The pictures were taken by staff of the Zurich Zoo, who for re...
| Main Author: | |
|---|---|
| Corporate Author: | |
| Format: | Book |
| Language: | English German |
| Language Notes: | German and English. |
| Published: |
Munich :
Edition Taube,
[2023]
|
| Edition: | First edition. |
| Subjects: |
MARC
| Tag | First Indicator | Second Indicator | Subfields |
|---|---|---|---|
| LEADER | 00000cam a2200000 i 4500 | ||
| 001 | in00005655421 | ||
| 008 | 240901s2023 gw a 000 0 eng d | ||
| 005 | 20250802185455.7 | ||
| 035 | |a (OCoLC)on1453719032 | ||
| 040 | |a YDX |b eng |e rda |c YDX |d YDX |d OCLCO |d YDX | ||
| 020 | |a 9783945900895 | ||
| 020 | |a 3945900891 |q paperback | ||
| 035 | |a (OCoLC)1453719032 | ||
| 041 | 0 | |a eng |a ger | |
| 043 | |a e-sz--- | ||
| 050 | 4 | |a N7433.4.H3946 |b S74 2023 | |
| 082 | 0 | 4 | |a 709.22 |2 23 |
| 100 | 1 | |a Steinbeck, Michelle, |e author. | |
| 245 | 1 | 0 | |a Gehege / |c Sara Arzu Hardegger, Vanje Ivana Jelić, Julia Schäfer ; text, Michelle Steinbeck. |
| 250 | |a First edition. | ||
| 264 | 1 | |a Munich : |b Edition Taube, |c [2023] | |
| 300 | |a 1 volume (unpaged) : |b illustrations (some color) ; |c 24 cm | ||
| 336 | |a text |b txt |2 rdacontent | ||
| 336 | |a still image |b sti |2 rdacontent | ||
| 337 | |a unmediated |b n |2 rdamedia | ||
| 338 | |a volume |b nc |2 rdacarrier | ||
| 520 | |a The artists' book 'Gehege' (Enclosure) contains photographs from the library of the Zurich Zoo. The selection shows zoo enclosures found in various Western metropolises such as London, Paris, Berlin, and Madrid since 1945. The pictures were taken by staff of the Zurich Zoo, who for research purposes travelled to other cities to document and understand the architecture of displaying animals kept in captivity. The enclosures are all photographed in such a way that the animals themselves seem to have vanished entirely. Swiss writer Michelle Steinbeck contributes an imaginative piece to the book, titled "The Zoo of the Future".--ideabooks.nl. | ||
| 546 | |a German and English. | ||
| 600 | 1 | 0 | |a Hardegger, Sara Arzu. |
| 600 | 1 | 0 | |a Jelić, Vanje Ivana. |
| 600 | 1 | 0 | |a Schäfer, Julia. |
| 650 | 0 | |a Artists' books |z Switzerland. | |
| 650 | 0 | |a Zoos |v Pictorial works. | |
| 650 | 6 | |a Livres d'artistes |z Suisse. | |
| 700 | 1 | |a Hardegger, Sara Arzu, |e artist. | |
| 700 | 1 | |a Jelić, Vanje Ivana, |e artist. | |
| 700 | 1 | |a Schäfer, Julia, |e artist. | |
| 710 | 2 | |a Genossenschaft Zoologischer Garten Zürich. | |
| 852 | 8 | |b POD |z This title is available for the library to purchase for your use. Click the "Purchase It For Me" button to place a request. This item will take 5-10 business days to arrive. | |
| 955 | |a Print PDA title | ||
| 961 | |m 565730 | ||
| 999 | f | f | |s e61aa40e-6fe8-4d86-aeb9-2313db63e7ae |i a56e025d-4201-470e-a536-ac681bddaafb |t 0 |
| 952 | f | f | |a Texas A&M University |b College Station |c Sterling C. Evans Library |d Purchase on Demand |t 0 |e N7433.4.H3946 S74 2023 |h Library of Congress classification |
| 998 | f | f | |a N7433.4.H3946 S74 2023 |t 0 |l Purchase on Demand |